| 000 | 00691nam a22001697a 4500 | ||
|---|---|---|---|
| 999 |
_c8334 _d8335 |
||
| 008 | 190911b ||||| |||| 00| 0 eng d | ||
| 020 | _a9781842776384 | ||
| 082 | _a339.4 REI | ||
| 245 | _aElite perceptions of poverty and inequality | ||
| 260 |
_aCape Town ; David Philip ; London and ; New York : _bZed Books, Distributed in the USA exclusiverly by Palgrave Macnillan, _c2005. |
||
| 300 |
_a 220 p. ; _c23 cm. |
||
| 500 | _a Includes bibliographical references and index. | ||
| 650 | _a Poverty--Developing countries--Case studies. Elite (Social sciences)--Developing countries--Attitudes--Case studies. | ||
| 700 | _a Reis, Elisa Pereira. | ||
| 700 | _aMoore, Mick. | ||
| 942 | _2ddc | ||